Headway Pre-Intermediate : Student"s Book, Workbook /

Spremljeno u:
Bibliografski detalji
Glavni autor: Soars, John
Daljnji autori: Soars, Liz
Format: Sách giấy
Jezik:English
Izdano: Oxford : Oxford University Press , 1994
Oznake: Dodaj oznaku
Bez oznaka, Budi prvi tko označuje ovaj zapis!
Thư viện lưu trữ: Thư viện Trường Đại học Đà Lạt
LEADER 00636nam a2200265 4500
001 DLU020016118
005 ##10/31/2000
020 # # |a 978- 
041 # # |a eng 
082 # # |a 428  |b SO-J 
090 # # |a 428  |b SO-J 
100 # # |a Soars, John 
245 # # |a Headway Pre-Intermediate :  |b Student"s Book, Workbook /  |c Soars John, Soars Liz 
260 # # |a Oxford :  |b Oxford University Press ,  |c 1994 
300 # # |a 256 tr.;   |c 23 cm. 
700 # # |a Soars, Liz 
992 # # |a 15500 
994 # # |a DLU 
900 # # |a False 
911 # # |a Administrator 
925 # # |a G 
926 # # |a A 
927 # # |a SH 
980 # # |a Thư viện Trường Đại học Đà Lạt